Prognóza vývoja ekonomiky Slovenska na rok 1999 s výhľadom do roku 2002
Prognóza vznikla aplikáciou vlastného makroekonomického modelu vyvinutého na Ústave slovenskej a svetovej ekonomiky SAV. Východiská a tendencie budúceho vývoja. Odhad budúceho vývoja inflácie, trhu práce, miezd, hrubého domáceho produktu a odhad menového vývoja.
Uložené v:
| Hlavný autor: | |
|---|---|
| Ďalší autori: | , |
| Médium: | Kapitola |
| Jazyk: | Slovak |
| Predmet: | |
| Tagy: |
Žiadne tagy, Buďte prvý, kto otaguje tento záznam!
|
MARC
| LEADER | 00000naa a2200000 4500 | ||
|---|---|---|---|
| 001 | r033947 | ||
| 005 | 20221129101913.0 | ||
| 041 | 0 | |a slo | |
| 044 | |a SK | ||
| 245 | 1 | 0 | |a Prognóza vývoja ekonomiky Slovenska na rok 1999 s výhľadom do roku 2002 |c Viliam Páleník, Jaroslav Vokoun, Vladimír Kvetan |
| 520 | |a Prognóza vznikla aplikáciou vlastného makroekonomického modelu vyvinutého na Ústave slovenskej a svetovej ekonomiky SAV. Východiská a tendencie budúceho vývoja. Odhad budúceho vývoja inflácie, trhu práce, miezd, hrubého domáceho produktu a odhad menového vývoja. | ||
| 610 | 2 | 0 | |a prognózy hospodárske |
| 610 | 2 | 0 | |a vývoj hospodársky |
| 610 | 2 | 0 | |a Slovensko |
| 610 | 2 | 0 | |a inflácia |
| 610 | 2 | 0 | |a trh práce |
| 610 | 2 | 0 | |a mzdy |
| 610 | 2 | 0 | |a produkt domáci hrubý |
| 610 | 2 | 0 | |a vývoj menový |
| 610 | 2 | 0 | |a ukazovatele ekonomické |
| 610 | 2 | 0 | |a modely makroekonomické |
| 610 | 2 | 0 | |a 1999 |
| 610 | 2 | 0 | |a 2002 |
| 100 | 1 | |a Páleník, Viliam | |
| 700 | 1 | |a Vokoun, Jaroslav | |
| 700 | 1 | |a Kvetan, Vladimír | |